|
|
|
|
| LEADER |
00000nam a22000005a 4500 |
| 001 |
13402 |
| 003 |
CL-ChBUA |
| 005 |
20120815103455.0 |
| 008 |
070301s1967 ag 000 0 spa |
| 040 |
|
|
|a CL-ChBUA
|c CL-ChBUA
|
| 082 |
0 |
0 |
|a 371.26
|
| 090 |
|
|
|c 13402
|d 13402
|
| 100 |
1 |
|
|a Larrea, Julio.
|
| 245 |
1 |
0 |
|a Las pruebas, la evaluación y la promoción escolar
|
| 260 |
|
|
|b Losada.
|c 1967.
|
| 300 |
|
|
|a 155 p.
|c 20 cm.
|
| 504 |
|
|
|a Indice.
|
| 650 |
|
4 |
|a EVALUACION DEL APRENDIZAJE.
|
| 942 |
|
|
|c LIB
|
| 952 |
|
|
|0 0
|1 0
|4 0
|7 0
|9 18964
|a UNACH
|b UNACH
|c 300
|d 2007-03-05
|i 12.275.
|l 1
|o 371.26 / L 333.
|p 19963
|r 2024-04-23 00:00:00
|s 2012-10-19
|u 18964
|w 2012-08-08
|y LIB
|k 371.26 / L 333.
|
| 999 |
|
|
|c 13402
|d 13402
|